000 00531nam a22001697a 4500
003 OSt
005 20250709015843.0
008 250709b |||||||| |||| 00| 0 eng d
040 _aDWC-Main Lib
_cOC
082 _aFil. 371.42 G947 2007
245 _aGuiding youth careers:
_ba handbook for those who help young jobseekers/
260 _aManila:
_bInternational Labour Organization,
_cc2007.
300 _axiii, 113 pages;
_c22cm.
650 _a1. Jobseekers.
650 _a2. Career development.
942 _2ddc
_cBK - FIL
_kFil.
_n0
999 _c3510
_d3510